| 000 | 005780000a22001690004500 | ||
|---|---|---|---|
| 090 |
_aAR _b02124 |
||
| 245 | 1 | 0 | _aInternational instruments, processes and non-indigenous species introductions: is a protocol to the convention on biological diversity necessary? |
| 650 | 1 | 4 |
_aEspecies invasoras _9308 |
| 650 | 1 | 4 |
_aConservación _992401 |
| 650 | 1 | 4 |
_aConvenios internacionales _93879 |
| 650 | 1 | 4 |
_aBiodiversidad _992204 |
| 041 | 0 | _aInglés | |
| 700 | 1 |
_aKlemm, Cyrille de _99723 |
|
| 100 | 1 |
_aGlowka, Lyle _98849 |
|
| 942 | _cARTICULO | ||
| 773 | 1 |
_tIUCN Newsletter _3874 _q1-13 _d1996 |
|
| 999 |
_c11200 _d11200 |
||